[Event "Oslo Chess International 2014"]
[Site "Oslo"]
[Date "2014.09.28"]
[Round "4"]
[White "Gustavsson, Kent"]
[Black "Keadana, Amir"]
[Result "1/2-1/2"]
[WhiteElo "1892"]
[BlackElo "1628"]
[PlyCount "49"]
[EventDate "2014.??.??"]

1. d4 g6 2. e4 Bg7 3. c4 c5 4. d5 d6 5. Nc3 f5 6. Bd3 fxe4 7. Nxe4 Bf5 8. Nf3
a6 9. O-O b5 10. cxb5 Bxe4 11. Bxe4 axb5 12. Ng5 Qd7 13. Ne6 Bf6 14. Qb3 c4 15.
Qxb5 Qxb5 16. Nc7+ Kd7 17. Nxb5 Na6 18. Nc3 Nc5 19. Bc2 Nb3 20. Bxb3 cxb3 21.
a4 Bxc3 22. bxc3 Nf6 23. Rd1 Rhc8 24. Bb2 Rc4 25. Rd4
1/2-1/2

[Event "Oslo Chess International 2014"]
[Site "Oslo"]
[Date "2014.09.28"]
[Round "4"]
[White "Edakina, Anastasia"]
[Black "Taranger, Rune"]
[Result "1-0"]
[WhiteElo "1733"]
[BlackElo "1681"]
[PlyCount "97"]
[EventDate "2014.??.??"]

1. e4 g6 2. d4 Bg7 3. Nc3 d6 4. Be3 b6 5. Nf3 Bb7 6. Bb5+ Nd7 7. Qd2 a6 8. Bd3
c5 9. a4 e6 10. O-O Ne7 11. Bc4 Nf6 12. Qd3 O-O 13. Rfe1 cxd4 14. Bxd4 d5 15.
exd5 Nfxd5 16. Bxg7 Kxg7 17. Qd4+ Nf6 18. Qf4 Qb8 19. Qe3 Bxf3 20. Qxf3 Qc7 21.
Bb3 Qc6 22. Qe2 Qb7 23. Rad1 Rfd8 24. Rd3 Rxd3 25. Qxd3 Nc6 26. Qf3 Na5 27.
Qxb7 Nxb7 28. Rd1 Rd8 29. Rxd8 Nxd8 30. Bc4 a5 31. f3 Kf8 32. Kf2 Ke7 33. Ke3
Kd6 34. Ne4+ Nxe4 35. Kxe4 f5+ 36. Kd4 Nc6+ 37. Kd3 Ne5+ 38. Kd4 Nc6+ 39. Kc3
Ke5 40. Bb5 Nd4 41. Be8 Kd5 42. Kd3 Kc5 43. Bf7 Kd5 44. Bg8 Ke5 45. Bxh7 Kd5
46. Bxg6 Nc6 47. Be8 Ne5+ 48. Kc3 f4 49. b3
1-0

[Event "Oslo Chess International 2014"]
[Site "Oslo"]
[Date "2014.09.28"]
[Round "4"]
[White "Risting, Eivind Olav"]
[Black "Lindblom, Roar"]
[Result "1-0"]
[WhiteElo "2032"]
[BlackElo "1858"]
[PlyCount "77"]
[EventDate "2014.??.??"]

1. b3 d5 2. Bb2 c5 3. e3 Nc6 4. Bb5 Bd7 5. Nf3 Nf6 6. O-O e6 7. c4 Be7 8. cxd5
exd5 9. d4 cxd4 10. Nxd4 O-O 11. Nc3 a6 12. Bxc6 bxc6 13. h3 Re8 14. Qf3 Bd6
15. Rfd1 Ne4 16. Rac1 Rc8 17. Nxe4 dxe4 18. Qe2 Qg5 19. Kh1 Qh4 20. Qf1 Be5 21.
Rc5 Qf6 22. Qe2 Qe7 23. Rdc1 Bd6 24. Nf5 Bxf5 25. Rxf5 c5 26. Rd5 Rc6 27. Qc4
Qh4 28. Qc3 Qh6 29. Rcd1 Be7 30. Re5 Rcc8 31. Rxe4 f6 32. Qc4+ Kf8 33. Qe6 Rc7
34. Ba3 Qh5 35. Rd7 Rxd7 36. Qxd7 Qe2 37. Rxe7 Qe1+ 38. Kh2 Rxe7 39. Bxc5
1-0

[Event "Oslo Chess International 2014"]
[Site "Oslo"]
[Date "2014.09.28"]
[Round "4"]
[White "Omtvedt, Per"]
[Black "Nilsen, Tobias Lang"]
[Result "1-0"]
[WhiteElo "1948"]
[BlackElo "1652"]
[PlyCount "157"]
[EventDate "2014.??.??"]

1. e4 e6 2. d4 d5 3. Nd2 c5 4. exd5 exd5 5. Ngf3 Nc6 6. Be2 Nf6 7. O-O Bd6 8.
dxc5 Bxc5 9. Nb3 Bb6 10. c3 O-O 11. Nbd4 h6 12. h3 Re8 13. Be3 Ne4 14. Re1 Bc7
15. c4 Nxd4 16. Qxd4 Nf6 17. Red1 Bb6 18. c5 Bc7 19. Bd3 b6 20. b4 Bb7 21. Rac1
bxc5 22. bxc5 Bc6 23. Qh4 Nd7 24. Qxd8 Rexd8 25. Nd4 Ba4 26. Bc2 Bxc2 27. Rxc2
Nf6 28. Nc6 Re8 29. Bd4 Re6 30. Bxf6 Rxc6 31. Bd4 Rc8 32. Be3 Rd8 33. Rcd2 Ra6
34. g3 Re6 35. Kg2 Ra6 36. Rxd5 Rxd5 37. Rxd5 Rxa2 38. Rd7 Be5 39. c6 Rc2 40.
Rd8+ Kh7 41. Rd5 Bc7 42. Rc5 Rxc5 43. Bxc5 a6 44. Kf3 f5 45. Ke3 Kg6 46. Kd4
Kf6 47. Kd5 a5 48. Bd6 Bd8 49. c7 Bxc7 50. Bxc7 a4 51. Bd6 g5 52. Ba3 g4 53.
Bb2+ Kg6 54. h4 Kh5 55. Ke5 Kg6 56. Kf4 Kh5 57. Kxf5 a3 58. Ba1 a2 59. Kf4 Kg6
60. Kxg4 h5+ 61. Kf4 Kh6 62. Kf5 Kh7 63. Kg5 Kg8 64. Kxh5 Kh7 65. g4 Kg8 66.
Kg6 Kf8 67. h5 Kg8 68. h6 Kf8 69. h7 Ke7 70. h8=Q Ke6 71. Qb2 Kd6 72. Qxa2 Kc6
73. Kf5 Kc5 74. Ke5 Kc6 75. Qc4+ Kd7 76. Qc5 Ke8 77. Qa7 Kf8 78. Kf6 Kg8 79.
Qg7#
1-0

[Event "Oslo Chess International 2014"]
[Site "Oslo"]
[Date "2014.09.28"]
[Round "4"]
[White "Trana, Arne O"]
[Black "Svanholm, Børge W"]
[Result "1/2-1/2"]
[WhiteElo "1358"]
[BlackElo "1835"]
[PlyCount "102"]
[EventDate "2014.??.??"]

1. e4 e6 2. d4 d5 3. e5 c5 4. c3 Nc6 5. Nf3 Bd7 6. Be2 Nge7 7. a3 Qb6 8. b4
cxd4 9. cxd4 Nf5 10. Bb2 Be7 11. O-O O-O 12. Qd3 f6 13. Nbd2 fxe5 14. dxe5 a6
15. Nb3 Na7 16. Nbd4 Nxd4 17. Bxd4 Qd8 18. Rfc1 Bb5 19. Qd2 Bxe2 20. Qxe2 Nc6
21. Bb2 Qd7 22. Rc2 Rfc8 23. Rac1 h6 24. h4 Na7 25. Bd4 Rxc2 26. Rxc2 Nb5 27.
Qd3 Rc8 28. Bb2 Na7 29. g3 Rxc2 30. Qxc2 Nc6 31. Bd4 Nd8 32. Be3 Bf8 33. Kg2
Nc6 34. Bd4 Ne7 35. Qd3 Qe8 36. Qc2 Qc6 37. Qd2 Qc4 38. Qf4 Qd3 39. h5 Qf5 40.
Qh4 Nc6 41. Qh3 Qxh3+ 42. Kxh3 Kf7 43. Bb2 Be7 44. Nd2 Bd8 45. f4 Bb6 46. Kg2
Ke7 47. Kf3 Bg1 48. Nb3 Bb6 49. g4 Kf7 50. Ke2 g6 51. hxg6+ Kxg6
1/2-1/2

[Event "Oslo Chess International 2014"]
[Site "Oslo"]
[Date "2014.09.28"]
[Round "4"]
[White "Enersen, Eirik S"]
[Black "Kverndal, Leif"]
[Result "0-1"]
[WhiteElo "1591"]
[BlackElo "1838"]
[PlyCount "72"]
[EventDate "2014.??.??"]

1. e4 c5 2. Nf3 e6 3. c3 g6 4. d4 cxd4 5. cxd4 Bg7 6. Nc3 Ne7 7. Bf4 d5 8. Bxb8
Rxb8 9. e5 O-O 10. Bd3 a6 11. a3 Nc6 12. Be2 f6 13. exf6 Qxf6 14. O-O Nxd4 15.
Nxd4 Qxd4 16. Qb3 b5 17. Qb4 Qb6 18. Bd3 Bd4 19. Nd1 e5 20. a4 Bg4 21. a5 Qa7
22. Qd2 Bxd1 23. Raxd1 Rf6 24. Rde1 Rbf8 25. Re2 e4 26. Bb1 e3 27. Rxe3 Bxe3
28. Qxd5+ Kg7 29. Qe5 Bd4 30. Qe2 Rxf2 31. Rxf2 Rxf2 32. Kh1 Rxe2 33. h3 Re1+
34. Kh2 Rxb1 35. b4 Qc7+ 36. g3 Rb2+
0-1

[Event "Oslo Chess International 2014"]
[Site "Oslo"]
[Date "2014.09.28"]
[Round "4"]
[White "Sivaranjan, Aschmirthan"]
[Black "Kalkman - De Koster, Franzke"]
[Result "1-0"]
[WhiteElo "1509"]
[BlackElo "1589"]
[PlyCount "41"]
[EventDate "2014.??.??"]

1. e4 c5 2. Nf3 d6 3. d4 Bd7 4. Nc3 e6 5. dxc5 dxc5 6. Ne5 Nf6 7. Bb5 Nc6 8.
Bxc6 bxc6 9. O-O Be7 10. Bg5 Qc7 11. Nxd7 Nxd7 12. Bxe7 Kxe7 13. f4 Rad8 14.
Qg4 Qb6 15. Rab1 c4+ 16. Kh1 g6 17. f5 Nf6 18. Qh4 e5 19. fxg6 Rd6 20. Rxf6
Rxf6 21. Rf1
1-0

[Event "Oslo Chess International 2014"]
[Site "Oslo"]
[Date "2014.09.28"]
[Round "4"]
[White "Mørkedal, Øyvind"]
[Black "Carstensen, Øyvind"]
[Result "1-0"]
[WhiteElo "1766"]
[BlackElo "1633"]
[PlyCount "103"]
[EventDate "2014.??.??"]

1. e4 c5 2. Nf3 Nc6 3. d4 cxd4 4. Nxd4 d5 5. Nxc6 bxc6 6. exd5 Qxd5 7. Qxd5
cxd5 8. Bb5+ Bd7 9. Bxd7+ Kxd7 10. O-O Nf6 11. b3 e6 12. Bb2 Be7 13. Rd1 Rac8
14. c4 Rhg8 15. Nc3 Bb4 16. a3 Bxc3 17. Bxc3 Ne4 18. Bb2 Kd6 19. Rac1 a5 20. f3
Nc5 21. b4 axb4 22. axb4 Nd7 23. c5+ Kc6 24. Ra1 Kb5 25. Bc3 Ra8 26. Be1 Ne5
27. Bc3 f6 28. Rdb1 Nc6 29. Be1 e5 30. Kf2 Ra6 31. Rxa6 Kxa6 32. b5+ Kb7 33.
bxc6+ Kxc6 34. Rc1 Rb8 35. Ba5 Rb2+ 36. Kf1 d4 37. Bb6 f5 38. Re1 Kd5 39. Bc7
e4 40. fxe4+ fxe4 41. Bf4 Rb3 42. c6 Rc3 43. c7 e3 44. Ra1 Ke4 45. Bg3 d3 46.
Ke1 Rc2 47. Ra4+ Kf5 48. Kd1 g5 49. Ra8 e2+ 50. Ke1 Rc1+ 51. Kd2 Rd1+ 52. Ke3
1-0

[Event "Oslo Chess International 2014"]
[Site "Oslo"]
[Date "2014.09.28"]
[Round "4"]
[White "Roksvold, Thore"]
[Black "Bø, Torgeir H"]
[Result "0-1"]
[WhiteElo "1140"]
[BlackElo "1474"]
[PlyCount "112"]
[EventDate "2014.??.??"]

1. e4 e5 2. Bc4 Nc6 3. c3 Nf6 4. d3 Bc5 5. Nf3 O-O 6. O-O d5 7. exd5 Nxd5 8. h3
Nf4 9. Bxf4 exf4 10. d4 Bd6 11. Nbd2 Qf6 12. Ne4 Qg6 13. Nfd2 Bxh3 14. Qf3 Bg4
15. Qd3 Bf5 16. Qf3 Bg4 17. Qd3 f3 18. Nxd6 fxg2 19. Rfe1 Qxd6 20. Qg3 Qh6 21.
Kxg2 Qxd2 22. Qxg4 Qxb2 23. Bd3 Qxc3 24. Bxh7+ Kxh7 25. Rh1+ Kg8 26. Qf5 f6 27.
Qg6 Ne7 28. Qh7+ Kf7 29. Qh5+ g6 30. Qh7+ Ke8 31. Rae1 Qc6+ 32. Kg1 Qd7 33.
Qxg6+ Kd8 34. Qg7 Rg8 35. Rh8 Qe8 36. Rxg8 Qxg8 37. Qxg8+ Nxg8 38. Re3 Kd7 39.
Rh3 Re8 40. Rh7+ Re7 41. Rh8 Rg7+ 42. Kf1 Kd6 43. Ke2 Kd5 44. Ke3 c6 45. Rh5+
Kc4 46. Rc5+ Kb4 47. Rf5 Ne7 48. Rf3 Nd5+ 49. Ke4 Re7+ 50. Kd3 Ka3 51. Kc4+
Kxa2 52. Kc5 Kb2 53. Rh3 a5 54. Rh2 Re6 55. f4+ Kc3 56. f5 b6#
0-1

[Event "Oslo Chess International 2014"]
[Site "Oslo"]
[Date "2014.09.28"]
[Round "4"]
[White "Moberg, Jan Rune"]
[Black "Vestby-Ellingsen, Mads"]
[Result "0-1"]
[WhiteElo "1697"]
[BlackElo "1566"]
[PlyCount "108"]
[EventDate "2014.??.??"]

1. d4 Nf6 2. c4 e6 3. Nf3 b6 4. g3 Bb7 5. Bg2 Be7 6. O-O O-O 7. a4 a5 8. Nc3 d6
9. Re1 Nbd7 10. e4 e5 11. b3 Re8 12. Ba3 Bf8 13. Qc2 g6 14. Rad1 Qb8 15. Nd5
Bg7 16. Bb2 Nxd5 17. cxd5 Ba6 18. Re3 exd4 19. Bxd4 Bxd4 20. Nxd4 Nc5 21. Rde1
Bb7 22. e5 dxe5 23. Nc6 Bxc6 24. dxc6 f6 25. Bd5+ Kg7 26. f4 Qd8 27. fxe5 Qxd5
28. exf6+ Kf7 29. Re7+ Kf8 30. Qc1 Qh5 31. Qc4 g5 32. Qd5 Rad8 33. Qc4 Qg6 34.
Qe2 Ra8 35. Qc4 Rad8 36. Qe2 Ra8 37. f7 Red8 38. Qb2 Qg7 39. Qxg7+ Kxg7 40.
Rxc7 Rf8 41. Ree7 Kf6 42. g4 Rad8 43. Re8 Rdxe8 44. fxe8=Q Rxe8 45. Rxh7 Rc8
46. Rh6+ Ke7 47. c7 Ne6 48. Rh7+ Kd6 49. h4 gxh4 50. Rxh4 Rxc7 51. Rh6 Rg7 52.
Rh4 Ke5 53. Kf2 Nf8 54. Ke3 Rh7
0-1

[Event "Oslo Chess International 2014"]
[Site "Oslo"]
[Date "2014.09.28"]
[Round "4"]
[White "Wærstad, Leif E"]
[Black "Egeland, Finn"]
[Result "1/2-1/2"]
[WhiteElo "1605"]
[BlackElo "1995"]
[PlyCount "77"]
[EventDate "2014.??.??"]

1. d4 Nf6 2. c4 g6 3. Nf3 Bg7 4. Nc3 d5 5. e3 O-O 6. Be2 c5 7. O-O cxd4 8. Nxd4
dxc4 9. Bxc4 Qc7 10. Be2 Nc6 11. Nxc6 Qxc6 12. Bf3 Qb6 13. Qe2 Be6 14. Re1 Rac8
15. e4 Bc4 16. Qe3 Qa6 17. Bd2 Rfd8 18. Be2 Bd3 19. Rac1 h5 20. h3 e6 21. a3
Kh7 22. e5 Ng8 23. Bxd3 Rxd3 24. Qe2 Rcd8 25. Bf4 Nh6 26. Ne4 Rb3 27. Qxa6 bxa6
28. Re2 Rdb8 29. Rc7 Rxb2 30. Rxb2 Rxb2 31. Rxa7 Rb6 32. Ng5+ Kg8 33. Ra8+ Bf8
34. Ne4 Nf5 35. Nf6+ Kg7 36. Nd7 Rb1+ 37. Kh2 Bxa3 38. Nf6 Bf8 39. Ne8+
1/2-1/2

[Event "Oslo Chess International 2014"]
[Site "Oslo"]
[Date "2014.09.28"]
[Round "4"]
[White "Reppen, Sigmund"]
[Black "Reppen, Tore"]
[Result "1-0"]
[WhiteElo "2069"]
[BlackElo "1678"]
[PlyCount "59"]
[EventDate "2014.??.??"]

1. e4 g6 2. d4 Bg7 3. Nc3 d6 4. Be2 c6 5. Be3 Nf6 6. f3 Nbd7 7. Qd2 b5 8. g4
Nb6 9. Bh6 Bxh6 10. Qxh6 b4 11. Nd1 a5 12. Ne3 Ba6 13. h4 Bxe2 14. Nxe2 Qc7 15.
Kf2 O-O-O 16. c3 e5 17. cxb4 axb4 18. Rhc1 Ng8 19. Qg7 Ne7 20. Qxf7 Qd7 21. Nc4
Nxc4 22. Qxc4 Rhf8 23. Qa6+ Qb7 24. Qxb7+ Kxb7 25. Rc4 exd4 26. Nxd4 Rc8 27.
Rxb4+ Ka6 28. Rd1 d5 29. Rd3 Ka5 30. Nc2
1-0

[Event "Oslo Chess International 2014"]
[Site "Oslo"]
[Date "2014.09.28"]
[Round "4"]
[White "Lie, Terje"]
[Black "Yilmaz, Kazim"]
[Result "0-1"]
[WhiteElo "1575"]
[BlackElo "1686"]
[PlyCount "104"]
[EventDate "2014.??.??"]

1. d4 Nf6 2. c4 e6 3. Nf3 Bb4+ 4. Bd2 Qe7 5. a3 Bxd2+ 6. Nbxd2 d5 7. e3 O-O 8.
Be2 Nbd7 9. O-O c5 10. Qc2 cxd4 11. Nxd4 dxc4 12. Nxc4 Nb6 13. Nxb6 axb6 14.
Rac1 Nd5 15. Bf3 Qd7 16. Rfd1 Qa4 17. Bxd5 Qxc2 18. Nxc2 exd5 19. Rxd5 Be6 20.
Rd3 Rac8 21. Rc3 Rxc3 22. bxc3 Rc8 23. Nd4 Ra8 24. Nxe6 fxe6 25. Ra1 Rc8 26.
Rc1 Ra8 27. g3 Rxa3 28. c4 Rb3 29. Kg2 b5 30. cxb5 Rxb5 31. Rc7 Kf8 32. h4 Rb1
33. f4 b5 34. Rb7 b4 35. e4 b3 36. e5 h5 37. Kf2 b2 38. Kg2 Kg8 39. Kf2 Kf8 40.
Kg2 Kg8 41. Kf2 Kf8 42. f5 exf5 43. e6 Ke8 44. Kg2 Kf8 45. Kf2 Ke8 46. Kg2 Kd8
47. Kf2 Rh1 48. Rxg7 b1=Q 49. Rd7+ Ke8 50. Ke3 Qe4+ 51. Kd2 Rh2+ 52. Kc3 Rc2+
0-1

[Event "Oslo Chess International 2014"]
[Site "Oslo"]
[Date "2014.09.28"]
[Round "4"]
[White "Johansen, Pål H"]
[Black "Tveten, Per"]
[Result "1/2-1/2"]
[WhiteElo "1919"]
[BlackElo "1593"]
[PlyCount "85"]
[EventDate "2014.??.??"]

1. e4 e5 2. Nf3 Nc6 3. Bb5 d6 4. O-O Bd7 5. c3 Nf6 6. Re1 a6 7. Ba4 Be7 8. d4
b5 9. Bc2 O-O 10. Nbd2 Bg4 11. Nf1 Bxf3 12. gxf3 Nh5 13. Ng3 Nf4 14. Ne2 Bg5
15. Nxf4 exf4 16. Kh1 Qf6 17. Rg1 Ne7 18. Qf1 Ng6 19. a4 c6 20. Qh3 h6 21. Qd7
Rfc8 22. axb5 cxb5 23. Rxa6 Rd8 24. Rxa8 Rxa8 25. Qxb5 Nh4 26. Qd3 g6 27. e5
dxe5 28. dxe5 Qxe5 29. Qe4 Re8 30. Bd2 f5 31. Qc4+ Kg7 32. Bd1 Re7 33. Bb3 Qb8
34. Qd5 Nxf3 35. Qxf3 Qxb3 36. Bxf4 Qxb2 37. Bxg5 hxg5 38. Rxg5 Re1+ 39. Rg1
Rxg1+ 40. Kxg1 Qc1+ 41. Kg2 Qg5+ 42. Kh3 Qh6+ 43. Kg2
1/2-1/2

[Event "Oslo Chess International 2014"]
[Site "Oslo"]
[Date "2014.09.28"]
[Round "4"]
[White "Heier, Odin Nikolai"]
[Black "Wicklund-Hansen, Rich."]
[Result "1-0"]
[WhiteElo "1626"]
[BlackElo "1815"]
[PlyCount "109"]
[EventDate "2014.??.??"]

1. e4 g6 2. d4 Bg7 3. Nf3 d6 4. Bc4 a6 5. O-O e6 6. Be3 Nf6 7. Nbd2 O-O 8. h3
b6 9. Bd3 Bb7 10. c3 Nbd7 11. Qc2 Rc8 12. e5 dxe5 13. dxe5 Nd5 14. Bg5 Qe8 15.
Rfe1 h6 16. Bh4 Nc5 17. Bf1 Ne7 18. b4 Nd7 19. Bd3 c5 20. Be4 Nd5 21. Qb2 cxb4
22. c4 Nf4 23. Bxb7 Nd3 24. Qc2 Nxe1 25. Rxe1 Rc5 26. Nb3 Rc7 27. Bxa6 Nc5 28.
Nxc5 bxc5 29. Bb5 Qa8 30. Re2 Ra7 31. Qb3 Ra3 32. Qb1 g5 33. Bg3 Rd8 34. Rb2
Rad3 35. Kh2 f5 36. exf6 Bxf6 37. Re2 Kf7 38. Be5 Rxf3 39. Qh7+ Kf8 40. Qxh6+
Ke7 41. gxf3 Qxf3 42. Qxf6+ Qxf6 43. Bxf6+ Kxf6 44. Kg3 Rd4 45. f3 e5 46. Rc2
Rd3 47. Kg2 Rd4 48. Ba4 Kf5 49. Bb3 Kf6 50. Re2 Kf5 51. Kg3 Kf6 52. Re1 Kf5 53.
Rd1 Ke6 54. Rxd4 exd4 55. Kg4
1-0

[Event "Oslo Chess International 2014"]
[Site "Oslo"]
[Date "2014.09.28"]
[Round "4"]
[White "Thorvaldsen, Thomas"]
[Black "Mrdeza, Jason"]
[Result "0-1"]
[WhiteElo "908"]
[BlackElo "1300"]
[PlyCount "46"]
[EventDate "2014.??.??"]

1. e4 d5 2. exd5 Qxd5 3. Nc3 Qa5 4. d4 Nf6 5. Nf3 Bf5 6. g3 c6 7. Bg2 Nbd7 8.
O-O e6 9. Nd2 Be7 10. Nb3 Qc7 11. Bf4 Bd6 12. Bxd6 Qxd6 13. Re1 O-O-O 14. f3 h5
15. Ne4 Qc7 16. a4 h4 17. g4 h3 18. Bxh3 Rxh3 19. gxf5 Qxh2+ 20. Kf1 Ne5 21.
Re3 Nxe4 22. Re2 Rxf3+ 23. Ke1 Qg1#
0-1

[Event "Oslo Chess International 2014"]
[Site "Oslo"]
[Date "2014.09.28"]
[Round "4"]
[White "Pettersson, Ola"]
[Black "Hjelle, Øyvind"]
[Result "1-0"]
[WhiteElo "1997"]
[BlackElo "1357"]
[PlyCount "85"]
[EventDate "2014.??.??"]

1. b4 e5 2. Bb2 Bxb4 3. Bxe5 Nf6 4. e3 Nc6 5. Bb2 d5 6. a3 Bd6 7. d4 O-O 8. Nd2
Re8 9. c4 Be6 10. c5 Bf8 11. Bb5 Bd7 12. Ne2 Ng4 13. O-O g6 14. h3 Nf6 15. Bd3
Bh6 16. Ng3 Ne7 17. Qc2 Qc8 18. Kh2 Nf5 19. Nxf5 gxf5 20. Nf3 Ne4 21. Rae1 c6
22. g3 Re6 23. Ne5 f6 24. Nxd7 Qxd7 25. f3 Nxg3 26. Rg1 Kh8 27. Rxg3 f4 28. Rg4
fxe3 29. Rh4 Qc7+ 30. f4 f5 31. Rf1 Rae8 32. Qe2 Rf8 33. Qf3 Qe7 34. Rh5 e2 35.
Re1 Re3 36. Qf2 Rf6 37. Bxf5 Qe8 38. Qh4 Bxf4+ 39. Kh1 Rxf5 40. Rxh7+ Kg8 41.
Rg1+ Rg5 42. Rh8+ Kf7 43. Qxf4+
1-0

[Event "Oslo Chess International 2014"]
[Site "Oslo"]
[Date "2014.09.28"]
[Round "4"]
[White "Landsverk, Ida"]
[Black "Hånes, Sturle"]
[Result "1/2-1/2"]
[WhiteElo "1359"]
[BlackElo "1309"]
[PlyCount "60"]
[EventDate "2014.??.??"]

1. c4 e6 2. g3 Nf6 3. Bg2 g6 4. Nf3 Bg7 5. O-O O-O 6. Nc3 c6 7. b3 d5 8. Bb2
Re8 9. d4 Na6 10. Re1 Qc7 11. e4 dxe4 12. Nxe4 Nxe4 13. Rxe4 c5 14. Qd2 b6 15.
d5 Rd8 16. Bxg7 Kxg7 17. Qc3+ Kg8 18. Rae1 Qe7 19. Ne5 Bd7 20. Rf4 Rab8 21.
Nxf7 Qxf7 22. Rxf7 Kxf7 23. Qe5 Re8 24. Qf4+ Kg7 25. d6 Rf8 26. Qe3 Rbe8 27.
Bh3 Nb8 28. Qe4 Nc6 29. Qd3 Nd4 30. Qe4 Nf3+
1/2-1/2

[Event "Oslo Chess International 2014"]
[Site "Oslo"]
[Date "2014.09.28"]
[Round "4"]
[White "Merkesvik, Amalie Isabel"]
[Black "Ruud, Svein E"]
[Result "0-1"]
[WhiteElo "1530"]
[BlackElo "1798"]
[PlyCount "48"]
[EventDate "2014.??.??"]

1. e4 d6 2. Nf3 Nf6 3. Nc3 g6 4. d3 Bg7 5. h3 O-O 6. Be3 c6 7. Qd2 b5 8. O-O-O
b4 9. Nb1 a5 10. Be2 Na6 11. Nh4 Be6 12. f4 Bxa2 13. f5 b3 14. c3 Bxb1 15. Kxb1
a4 16. fxg6 fxg6 17. Bh6 e6 18. Bxg7 Kxg7 19. g4 a3 20. Nf5+ exf5 21. gxf5 gxf5
22. Qg5+ Kh8 23. Rhg1 Ra7 24. exf5 axb2
0-1

[Event "Oslo Chess International 2014"]
[Site "Oslo"]
[Date "2014.09.28"]
[Round "4"]
[White "Grønn, Embla Ekeland"]
[Black "Røneid, Heidi"]
[Result "0-1"]
[WhiteElo "1389"]
[BlackElo "1675"]
[PlyCount "50"]
[EventDate "2014.??.??"]

1. d4 Nf6 2. Nc3 e6 3. e4 Bb4 4. e5 Ne4 5. Qd3 Nxc3 6. bxc3 Ba5 7. Ba3 d6 8.
exd6 cxd6 9. Nf3 O-O 10. g3 Re8 11. Bg2 e5 12. dxe5 dxe5 13. O-O Nc6 14. Rad1
Qxd3 15. Rxd3 Bf5 16. Re3 Bxc2 17. Rfe1 f6 18. Nd2 Bb6 19. Bxc6 bxc6 20. Rf3
Rad8 21. Nc4 c5 22. Nxb6 axb6 23. Re2 Bg6 24. Rb2 Be4 25. Re3 Rd1+
0-1

[Event "Oslo Chess International 2014"]
[Site "Oslo"]
[Date "2014.09.28"]
[Round "4"]
[White "Eide, Adrian"]
[Black "Berntsen-Øybø, August"]
[Result "1/2-1/2"]
[WhiteElo "1356"]
[BlackElo "1676"]
[PlyCount "69"]
[EventDate "2014.??.??"]

1. e4 c5 2. Nf3 d6 3. d4 cxd4 4. Nxd4 Nf6 5. Nc3 g6 6. f3 Bg7 7. Be3 O-O 8. Qd2
Nc6 9. O-O-O Bd7 10. h4 h5 11. Kb1 Rc8 12. Bh6 a6 13. Bxg7 Kxg7 14. Be2 Ne5 15.
Rdg1 Nc4 16. Bxc4 Rxc4 17. g4 Qb6 18. Nde2 Qa5 19. Qd3 Rfc8 20. gxh5 Nxh5 21.
Rg5 R4c5 22. Rhg1 Rxg5 23. Rxg5 Rc5 24. Rg1 Be6 25. f4 f5 26. Qd4+ Kh7 27. b4
Qb6 28. Na4 Qb5 29. Nxc5 dxc5 30. Qf2 Qxb4+ 31. Ka1 Qa3 32. Nc1 Qc3+ 33. Kb1
Qb4+ 34. Ka1 Qc3+ 35. Kb1
1/2-1/2

[Event "Oslo Chess International 2014"]
[Site "Oslo"]
[Date "2014.09.28"]
[Round "4"]
[White "Øygard, Torbjørn"]
[Black "Larsen, Per Magnus"]
[Result "1-0"]
[WhiteElo "800"]
[BlackElo "1000"]
[PlyCount "97"]
[EventDate "2014.??.??"]

1. d4 d5 2. c4 c6 3. Nf3 Nf6 4. Nc3 dxc4 5. a4 Bf5 6. e3 e6 7. Bxc4 a5 8. O-O
Nbd7 9. h3 Nb6 10. Be2 h6 11. b3 Ne4 12. Nxe4 Bxe4 13. Bd3 Bxd3 14. Qxd3 Nd5
15. Bb2 Qc7 16. Ne5 O-O-O 17. Bc1 g6 18. Bd2 Nb4 19. Qe2 Bd6 20. Nc4 f5 21.
Nxd6+ Qxd6 22. Qc4 Kd7 23. Rfd1 Rc8 24. Qc5 Qxc5 25. dxc5 Kc7 26. Bxb4 axb4 27.
Rd4 b5 28. cxb6+ Kxb6 29. Rxb4+ Ka5 30. Rc4 c5 31. Rac1 Rc6 32. Rxc5+ Rxc5 33.
Rxc5+ Kb4 34. Rb5+ Kc3 35. a5 Rd8 36. g3 Rd1+ 37. Kg2 Ra1 38. b4 Kc4 39. Rb6 e5
40. a6 g5 41. b5 f4 42. gxf4 gxf4 43. exf4 e4 44. f5 Ra2 45. Kg3 Kd3 46. Rxh6
Ke2 47. Re6 Kf1 48. Rxe4 Rb2 49. a7
1-0

[Event "Oslo Chess International 2014"]
[Site "Oslo"]
[Date "2014.09.28"]
[Round "5"]
[White "Kovachev, Daniel Jakobsen"]
[Black "Moseng, Geir"]
[Result "1/2-1/2"]
[WhiteElo "2289"]
[BlackElo "1983"]
[PlyCount "97"]
[EventDate "2014.??.??"]

1. e4 e6 2. d4 d5 3. Nc3 Bb4 4. e5 b6 5. Qg4 Bf8 6. Bg5 Qd7 7. O-O-O h6 8. Bh4
h5 9. Qh3 Ne7 10. f4 Ba6 11. Bxa6 Nxa6 12. Nf3 O-O-O 13. Rhe1 Re8 14. Bxe7 Bxe7
15. g3 g6 16. Qf1 Kb7 17. h3 Nb8 18. g4 hxg4 19. hxg4 Bb4 20. Rd3 Nc6 21. Red1
Na5 22. Ne2 Be7 23. c3 Rc8 24. Kb1 Qb5 25. Nc1 Nc4 26. b3 Na3+ 27. Ka1 a5 28.
R3d2 Qc6 29. Qd3 Rh3 30. Rf1 Rch8 31. Rg2 Rh1 32. Rgg1 Rxg1 33. Rxg1 Rh3 34.
Ne2 Nb5 35. Kb2 Na7 36. Rf1 Qd7 37. Qc2 c5 38. Nfg1 Rh4 39. g5 cxd4 40. Nxd4
Bc5 41. Qf2 Rh8 42. Ngf3 Nb5 43. a4 Nxd4 44. Nxd4 Bxd4 45. Qxd4 Rh2+ 46. Rf2
Rxf2+ 47. Qxf2 Qc6 48. Qd4 Qc5 49. Ka2
1/2-1/2

[Event "Oslo Chess International 2014"]
[Site "Oslo"]
[Date "2014.09.28"]
[Round "5"]
[White "Svensen, Tarjei Joten"]
[Black "Wahlstedt, Mats"]
[Result "1-0"]
[WhiteElo "2082"]
[BlackElo "1980"]
[PlyCount "33"]
[EventDate "2014.??.??"]

1. d4 Nf6 2. c4 g6 3. Nf3 Bg7 4. Nc3 d6 5. Bf4 O-O 6. h3 c6 7. e3 a6 8. Be2 b5
9. a3 bxc4 10. Bxc4 Nbd7 11. O-O c5 12. Qe2 Bb7 13. Ba2 cxd4 14. exd4 Nb6 15.
Rfe1 Re8 16. Bxf7+ Kxf7 17. Ng5+
1-0

[Event "Oslo Chess International 2014"]
[Site "Oslo"]
[Date "2014.09.28"]
[Round "5"]
[White "Keadana, Amir"]
[Black "Reppen, Sigmund"]
[Result "1-0"]
[WhiteElo "1628"]
[BlackElo "2069"]
[PlyCount "83"]
[EventDate "2014.??.??"]

1. e4 e5 2. Nf3 Nc6 3. d4 exd4 4. Bc4 Nf6 5. e5 d5 6. Bb5 Ne4 7. Nxd4 Bd7 8.
Bxc6 bxc6 9. O-O Bc5 10. f3 Ng5 11. f4 Ne4 12. Be3 Qe7 13. Nd2 Nxd2 14. Qxd2
O-O 15. Nb3 Bb6 16. Qc3 f6 17. Bc5 fxe5 18. fxe5 Rxf1+ 19. Rxf1 Re8 20. Kh1
Bxc5 21. Nxc5 Rf8 22. Rxf8+ Qxf8 23. h3 Qf1+ 24. Kh2 Bf5 25. Qg3 Qc4 26. Qe3 d4
27. Qf3 Qxc5 28. Qxf5 Qd5 29. Qc8+ Kf7 30. Qxc7+ Ke6 31. Qxg7 Qxe5+ 32. Qxe5+
Kxe5 33. Kg3 Ke4 34. Kf2 c5 35. Ke2 Kf4 36. Kf2 c4 37. g3+ Ke4 38. Ke2 a5 39.
b3 d3+ 40. cxd3+ cxd3+ 41. Kd2 Kf3 42. a3
1-0

[Event "Oslo Chess International 2014"]
[Site "Oslo"]
[Date "2014.09.28"]
[Round "5"]
[White "Jacobsen, Fredrik Beer"]
[Black "Edakina, Anastasia"]
[Result "1-0"]
[WhiteElo "2046"]
[BlackElo "1733"]
[PlyCount "91"]
[EventDate "2014.??.??"]

1. e4 c5 2. Nc3 d6 3. g3 Nc6 4. Bg2 g6 5. d3 Bg7 6. Nge2 e6 7. O-O Nge7 8. Be3
O-O 9. Qd2 Rb8 10. Bh6 b5 11. Bxg7 Kxg7 12. f4 b4 13. Nd1 f5 14. c3 a5 15. Ne3
Ba6 16. Rad1 Qc7 17. Rf2 a4 18. d4 Bxe2 19. Rxe2 cxd4 20. cxd4 fxe4 21. Bxe4 d5
22. Bb1 Qd6 23. Rde1 Nf5 24. Nxf5+ exf5 25. Re6 Qd7 26. Qc2 Rf6 27. Rxf6 Kxf6
28. Qxa4 Qb7 29. Qd1 Qb6 30. Qe2 Qxd4+ 31. Kg2 Kg7 32. Rd1 Qc5 33. Bc2 Rd8 34.
Ba4 d4 35. Kh3 Ne7 36. Bb3 Qd6 37. Qc4 Kh8 38. Re1 d3 39. Re6 Qd7 40. Qxb4 Nd5
41. Qd4+ Qg7 42. Re5 Nxf4+ 43. Qxf4 Qf6 44. Re6 Qxb2 45. Qg5 Rf8 46. Rxg6
1-0